| 000 | 00680nam a2200253 a 4500 | ||
|---|---|---|---|
| 001 | nice12345678 | ||
| 003 | IN_TiNIC | ||
| 005 | 20260116014023.0 | ||
| 008 | 120809s2011 lona grp 000 0 eng | ||
| 020 |
_a9780415677998 _c795 |
||
| 082 | 0 | 0 |
_a294.54 _bBER |
| 100 | _aBerti, Daniela | ||
| 245 |
_aCultural Entrenchment of Hindutva _b Local Mediations and Forms of Convergence |
||
| 260 |
_aLondon _bRoutledge Chapman Hall _c2011 |
||
| 300 | _a344p | ||
| 500 | _aincludes index and biblioraphy | ||
| 505 | 2 | _aIndex | |
| 650 | _aHinduism and Culture | ||
| 700 | 1 | _aNicolas, Jaoul | |
| 700 | 1 | _aPralay, Kanungo | |
| 902 | _bSRS | ||
| 942 | _cBK | ||
| 999 |
_c13532 _d13532 |
||